Normal view
MARC view
Entry Personal Name
001 - CONTROL NUMBER
- control field: 9
003 - CONTROL NUMBER IDENTIFIER
- control field: NLI
005 - DATE AND TIME OF LATEST TRANSACTION
- control field: 20210112120553.0
008 - FIXED-LENGTH DATA ELEMENTS
- fixed length control field: 210112|| aca||aabn | a|a d
040 ## - CATALOGING SOURCE
- Original cataloging agency: NLI
- Transcribing agency: NLI
100 ## - HEADING--PERSONAL NAME
- Personal name: Anoop Singh
670 ## - SOURCE DATA FOUND
- Source citation: Work cat.: (NLI): Anoop Singh, A Journey of Pt. Deendayal Upadhyaya, 2019
